| 000 -LEADER |
| fixed length control field |
00656nam a22001817a 4500 |
| 005 - DATE AND TIME OF LATEST TRANSACTION |
| control field |
20240312103613.0 |
| 008 - FIXED-LENGTH DATA ELEMENTS--GENERAL INFORMATION |
| fixed length control field |
240312s2000 ru ||||| |||| 00| 0 rus d |
| 020 ## - INTERNATIONAL STANDARD BOOK NUMBER |
| International Standard Book Number |
5818301486 |
| 080 ## - UNIVERSAL DECIMAL CLASSIFICATION NUMBER |
| Universal Decimal Classification number |
94(38) П-26 |
| 100 ## - MAIN ENTRY--PERSONAL NAME |
| Personal name |
Перкис, Джон |
| 9 (RLIN) |
21393 |
| 245 ## - TITLE STATEMENT |
| Title |
Греческая цивилизация / |
| Statement of responsibility, etc. |
Джон Перкис. |
| 264 ## - PRODUCTION, PUBLICATION, DISTRIBUTION, MANUFACTURE, AND COPYRIGHT NOTICE |
| Place of production, publication, distribution, manufacture |
Москва : |
| Name of producer, publisher, distributor, manufacturer |
ФАИР-ПРЕСС, |
| Date of production, publication, distribution, manufacture, or copyright notice |
2000. |
| 300 ## - PHYSICAL DESCRIPTION |
| Extent |
272 с. : |
| Other physical details |
ил.; |
| Dimensions |
21 см. |
| 440 ## - SERIES STATEMENT/ADDED ENTRY--TITLE |
| Title |
Грандиозный мир |
| 9 (RLIN) |
20915 |
| 521 ## - TARGET AUDIENCE NOTE |
| Target audience note |
პარალ. სათ. ინგლ. ენაზე |
| 653 ## - INDEX TERM--UNCONTROLLED |
| keyword |
ბერძნული ცივილიზაცია |
| 942 ## - ADDED ENTRY ELEMENTS (KOHA) |
| Source of classification or shelving scheme |
|
| Koha item type |
წიგნი |